000
00210nam a22000977a 4500
003
OSt
008
210112b ||||| |||| 00| 0 eng d
100
_a
Sankarakurup, G
_9
4808
245
_a
Sooryakanthi
942
_c
BK
999
_c
16406
_d
16406